Wiley blackwell handbook of family psychology (Record no. 1434768)

MARC details
000 -LEADER
fixed length control field 00768nam a22002417a 4500
005 - DATE AND TIME OF LATEST TRANSACTION
control field 20250903112443.0
008 - FIXED-LENGTH DATA ELEMENTS--GENERAL INFORMATION
fixed length control field 250814b |||||||| |||| 00| 0 eng d
020 ## - INTERNATIONAL STANDARD BOOK NUMBER
International Standard Book Number 978-1-118-34464-4 (pbk)
037 ## - SOURCE OF ACQUISITION
Terms of availability REF
040 ## - CATALOGING SOURCE
Original cataloging agency CL
Transcribing agency CL
041 ## - LANGUAGE CODE
Source of code ENG
Language code of text/sound track or separate title ENG
084 ## - COLON CLASSIFICATION NUMBER
Classification number S82g Q3
Assigning agency CL
100 ## - MAIN ENTRY--PERSONAL NAME
Personal name Bray, James H.
9 (RLIN) 247597
245 ## - TITLE STATEMENT
Title Wiley blackwell handbook of family psychology
260 ## - PUBLICATION, DISTRIBUTION, ETC.
Place of publication, distribution, etc. Malden, U.S.A:
Name of publisher, distributor, etc. Wiley Blackwell,
Date of publication, distribution, etc. 2013
300 ## - PHYSICAL DESCRIPTION
Extent xvi, 768p.
365 ## - TRADE PRICE
Price amount 3280.46
Currency code INR
650 ## - SUBJECT ADDED ENTRY--TOPICAL TERM
Source of heading or term PSYCHOLOGY
700 ## - ADDED ENTRY--PERSONAL NAME
Personal name Bray, James H.
Relator term Editor
9 (RLIN) 247597
700 ## - ADDED ENTRY--PERSONAL NAME
Personal name Stnton, Mark
Relator term Editor
9 (RLIN) 817904
942 ## - ADDED ENTRY ELEMENTS (KOHA)
Source of classification or shelving scheme Colon Classification (CC)
Koha item type Reference
Classification part S82g Q3
Suppress in OPAC No
Holdings
Withdrawn status Lost status Source of classification or shelving scheme Damaged status Not for loan Home library Current library Date acquired Source of acquisition Cost, normal purchase price Inventory number Total Checkouts Full call number Barcode Date last seen Price effective from Koha item type
    Colon Classification (CC)     Central Library Central Library 2025-08-14 Classic Book Service 3280.46 CBS/342 & 18/02/2013   S82g Q3 CL1550711 2025-08-14 2025-08-14 Reference
Copyright @ Delhi University Library System